Sarvodya an alternative to caste-based reservations : (Record no. 104870)

MARC details
000 -LEADER
fixed length control field 00662nam a22001937a 4500
005 - DATE AND TIME OF LATEST TRANSACTION
control field 20161130130021.0
010 ## - LCCN (DPL NO)
LC control number ENG-116714
020 ## - INTERNATIONAL STANDARD BOOK NUMBER
International Standard Book Number 9788184845112
Terms of availability 880.00
035 ## - SYSTEM CONTROL NUMBER
System control number EN-100246
037 ## - SOURCE OF ACQUISITION
Source of stock number/acquisition DBAD/PUB
082 ## - DEWEY DECIMAL CLASSIFICATION NUMBER
Classification number 305.51220954
100 ## - MAIN ENTRY--PERSONAL NAME
Personal name Deshta,Sushant
245 ## - TITLE STATEMENT
Title Sarvodya an alternative to caste-based reservations :
Statement of responsibility, etc by Sushant Deshta ; foreword by Prem Kumar Dhumal
Remainder of title a study in Gandhian perspective /
260 ## - PUBLICATION, DISTRIBUTION, ETC. (IMPRINT)
Place of publication, distribution, etc New Delhi
Name of publisher, distributor, etc Regal Publications
Date of publication, distribution, etc 2016
270 ## - ADDRESS
Address F-159, Rajouri Garden
City New Delhi
Postal code 110027
300 ## - PHYSICAL DESCRIPTION
Extent vi,312p.
Dimensions 23cm(Hb)
700 ## - ADDED ENTRY--PERSONAL NAME
Personal name Dhumal,Prem Kumar
942 ## - ADDED ENTRY ELEMENTS (KOHA)
Source of classification or shelving scheme Dewey Decimal Classification
Item type English Books
Classification part 305.51220954
Call number suffix DES
Holdings
Withdrawn status Lost status Not for loan Collection code Home library Current library Date acquired Source of acquisition Cost, normal purchase price Full call number Barcode Copy number Cost, replacement price Koha item type
    Not For Loan Non-fiction D.B.Act.Division Bawana 30/11/2016 DBAD/PUB 880.00 657.03 VAS EN-100246 1 880.00 English Books

© Delhi Public Library
Hit Counter
free hit counter